| 000 | 00944nas a2200301 4500 | ||
|---|---|---|---|
| 001 | BR2012005153 | ||
| 003 | BR-BrBNA | ||
| 005 | 20231205120830.0 | ||
| 007 | ta | ||
| 008 | 230509b bl.|||p| |||| 00| 00por d | ||
| 040 |
_aBR-BrBNA _bpor _cBiblioteca Nacional de Agricultura |
||
| 041 | _a(Pt) | ||
| 072 | _aH20 | ||
| 100 | 1 | _aGalli, M.A. | |
| 100 | 1 | _aParadela, A.L. | |
| 100 | 1 | _aCavalheiro, A.A. | |
| 100 | 1 | _aOliveira, J.A. de | |
| 100 | 1 | _aStotzer, G.S. | |
| 245 | 1 | _aEficiência do fungicida Cyprodinil + Fludioxonil no controle do mofo cinzento (Botrytis cinerea)em rosa (Cv. greta)condições de campo | |
| 650 | _aROSA | ||
| 650 | _aMOFO CINZENTO | ||
| 650 | _aDOENÇA DE PLANTA | ||
| 650 | _aFUNGICIDA | ||
| 650 | _aCONTROLE QUÍMICO | ||
| 773 | 0 |
_tEcossistema (Brazil) _xISSN 0100-4107 _g(Jan 2009-Dec 2010), v. 34-35(1) p. 33-36 _wBR2012005153 |
|
| 909 |
_a202311 _bLúcia _c55 _dLúcia Elande |
||
| 942 |
_2AGRIS _n0 _cANA |
||
| 999 |
_c220545 _d220545 |
||